A walk in Paris / (Record no. 413071)
[ view plain ]
| 000 -LEADER | |
|---|---|
| fixed length control field | 01488cam a2200421 i 4500 |
| 001 - CONTROL NUMBER | |
| control field | a6448823 |
| 003 - CONTROL NUMBER IDENTIFIER | |
| control field | SIRSI |
| 005 - DATE AND TIME OF LATEST TRANSACTION | |
| control field | 20251030162818.0 |
| 008 - FIXED-LENGTH DATA ELEMENTS--GENERAL INFORMATION | |
| fixed length control field | 130710s2014 maua j 001 0 eng c |
| 020 ## - INTERNATIONAL STANDARD BOOK NUMBER | |
| International Standard Book Number | 9780763669843 : |
| Terms of availability | $16.99 |
| 020 ## - INTERNATIONAL STANDARD BOOK NUMBER | |
| International Standard Book Number | 0763669849 |
| 035 ## - SYSTEM CONTROL NUMBER | |
| System control number | (OCoLC)ocn852457547 |
| 035 ## - SYSTEM CONTROL NUMBER | |
| System control number | UtOrBLW |
| 035 ## - SYSTEM CONTROL NUMBER | |
| System control number | (OCoLC)ocn889308475 |
| 040 ## - CATALOGING SOURCE | |
| Original cataloging agency | YDXCP |
| Transcribing agency | YDXCP |
| Modifying agency | BDX |
| -- | BTCTA |
| -- | ZQP |
| -- | UPB |
| -- | UtOrBLW |
| Description conventions | rda |
| 042 ## - AUTHENTICATION CODE | |
| Authentication code | pcc |
| 043 ## - GEOGRAPHIC AREA CODE | |
| Geographic area code | e-fr--- |
| 082 04 - DEWEY DECIMAL CLASSIFICATION NUMBER | |
| Classification number | 944.361 |
| Edition number | 23 |
| 092 ## - LOCALLY ASSIGNED DEWEY CALL NUMBER (OCLC) | |
| Classification number | children nonfiction |
| Item number | Rubbino |
| 100 1# - MAIN ENTRY--PERSONAL NAME | |
| Personal name | Rubbino, Salvatore, |
| Dates associated with a name | 1970- |
| Relator term | author, |
| -- | ill. |
| 9 (RLIN) | 5863832 |
| 245 12 - TITLE STATEMENT | |
| Title | A walk in Paris / |
| Statement of responsibility, etc | Salvatore Rubbino. |
| 250 ## - EDITION STATEMENT | |
| Edition statement | First U.S. edition. |
| 264 #2 - Production, Publication, Distribution, Manufacture, and Copyright Notice. | |
| Place of production, publication, distribution, manufacture | Somerville, Massachusetts : |
| Name of producer, publisher, distributor, manufacturer | Candlewick Press, |
| Date of production, publication, distribution, manufacture, or copyr | 2014. |
| 300 ## - PHYSICAL DESCRIPTION | |
| Extent | 38 pages : |
| Other physical details | color illustrations ; |
| Dimensions | 30 cm |
| 336 ## - Content Type | |
| Content type term | text |
| 336 ## - Content Type | |
| Content type term | still image |
| 337 ## - Media type | |
| Media type term | unmediated |
| 338 ## - Carrier type | |
| Carrier type term | volume |
| 500 ## - GENERAL NOTE | |
| General note | "Unfolding Eiffel Tower inside"--Jacket cover. |
| 500 ## - GENERAL NOTE | |
| General note | Includes index. |
| 520 ## - SUMMARY, ETC. | |
| Summary, etc | A child's-eye walking tour of Paris. |
| 583 ## - ACTION NOTE | |
| Action | Jcat |
| Time/date of action | 20140602 |
| Action agent | pjr |
| Institution to which field applies | UPB |
| 650 #0 - SUBJECT ADDED ENTRY--TOPICAL TERM | |
| Topical term or geographic name as entry element | Walking |
| Geographic subdivision | France |
| -- | Paris |
| Form subdivision | Juvenile literature. |
| 9 (RLIN) | 6554682 |
| 650 #0 - SUBJECT ADDED ENTRY--TOPICAL TERM | |
| Topical term or geographic name as entry element | Historic buildings |
| Geographic subdivision | France |
| -- | Paris |
| Form subdivision | Juvenile literature. |
| 9 (RLIN) | 6487310 |
| 651 #0 - SUBJECT ADDED ENTRY--GEOGRAPHIC NAME | |
| Geographic name | Paris (France) |
| General subdivision | Buildings, structures, etc. |
| Form subdivision | Juvenile literature. |
| 9 (RLIN) | 5697859 |
| 651 #0 - SUBJECT ADDED ENTRY--GEOGRAPHIC NAME | |
| Geographic name | Paris (France) |
| Form subdivision | Juvenile literature. |
| 9 (RLIN) | 6487312 |
| 942 ## - ADDED ENTRY ELEMENTS (KOHA) | |
| Source of classification or shelving scheme | Dewey Decimal Classification |
| Koha item type | BOOK |
| Withdrawn status | Lost status | Source of classification or shelving scheme | Damaged status | Not for loan | Collection code | Home library | Current library | Shelving location | Date acquired | Source of acquisition | Total Checkouts | Total Renewals | Full call number | Barcode | Date last seen | Date checked out | Cost, replacement price | Price effective from | Koha item type |
|---|---|---|---|---|---|---|---|---|---|---|---|---|---|---|---|---|---|---|---|
| Dewey Decimal Classification | Children NonFiction | Wasatch County Library | Wasatch County Library | Main Floor Childrens Area | 10/30/2025 | Donation | 1 | 1 | E Places World Rubbino | 34301002171405 | 12/09/2025 | 11/06/2025 | 16.99 | 10/30/2025 | BOOK |
